Czy znasz wszystkie miejscówki w Fortnite: Battle Royale? - Statystyki

Ogólne statystyki
  • Ten quiz został rozwiązany 756 razy
  • Średni wynik to 6 z 21
Statystyki odpowiedzi
Hint Odpowiedź % Poprawnych
1 Przyjemny Park
70%
1 Słone Strzechy
52%
1 Neo Wykrzywione
42%
1 Oaza Odpoczynku
37%
1 Pagody Pomyślności
32%
1 Butny Brzeg
31%
1 Zgubne Ziemie
31%
1 Mega Market
30%
1 Rozdroża Rupieci
28%
1 Wypasiona Wyrwa
27%
1 Zalew Zdobyczy
25%
1 Widmowe Wzgórza
23%
1 Leniwa Laguna
22%
1 Srogi Szczyt
22%
1 Samotne Schronisko
21%
1 Szemrane Szyby
20%
1 Słoneczne Stopnie
18%
1 Sielskie Sioło
17%
1 Podium
16%
1 Lodowe Lądowiska
15%
1 Elektrownia Ciśnieniowa
12%
Nie znaleziono quizów pasujących do podanych kryteriów
Rozkład punktacji
Procent ludzi z każdym wynikiem
Percentyl według liczby udzielonych odpowiedzi
Twoja historia wyników
Nie rozwiązałeś tego quizu